82 Babynamen der Woche 47/25' - Statistiken

Allgemein
  • Dieses Quiz wurde 6 mal gespielt
  • Das Durchschnittsergebnis liegt bei 22 aus 82
Antwortstatistiken
📍 Vorname % Korrekt
A..a ♀️ Anna
100%
Am.l.a ♀️ Amalia
83%
Am..y ♀️ Amaly
83%
Is.b.l.a ♀️ Isabella
83%
J.h..n ♂️ Johann
83%
J.h.n.a ♀️ Johanna
83%
J.d..h ♀️ Judith
83%
L.o ♂️ Leo
83%
Al.s..a ♀️ Alessja
50%
A.a ♀️ Ava
50%
C.a.a ♀️ Clara
50%
El..s ♂️ Elias
50%
El..a ♀️ Elisa
50%
E.l.e ♀️ Ellie
50%
E..e ♀️ Evie
50%
F.a.z ♂️ Franz
50%
K..t ♂️ Kurt
50%
L..n.e ♀️ Leonie
50%
L..i ♂️ Levi
50%
M.r.e ♀️ Marie
50%
M.x.m.l..n ♂️ Maximilian
50%
M.r..m ♀️ Miriam
50%
M.r..z ♂️ Moritz
50%
A..a ♀️ Alva
33%
Ar..n ♂️ Arian
33%
Av..a ♀️ Avina
33%
El.s.a ♀️ Elisia
33%
F.a ♀️ Fia
33%
F.i..o ♂️ Friedo
33%
J.n..t ♀️ Jannet
33%
J.n.e ♂️ Jonte
33%
L.f.y.t.e ♂️ Lafayette
33%
L..a ♀️ Lina
33%
M.t..o ♂️ Matteo
33%
N.c..e ♀️ Nicole
33%
R.b..t ♂️ Robert
33%
R.s.l.e ♀️ Rosalie
33%
R..h ♀️ Ruth
33%
T.e.p..l ♂️ Theophil
33%
V.l..c.a ♀️ Valencia
33%
Al.j.n ♂️ Alijan
17%
I..n ♂️ Ivan
17%
J.h.t.a ♀️ Juhitha
17%
K.o.a ♀️ Kiona
17%
L.o.o.a ♀️ Leonora
17%
L..i.e ♀️ Louise
17%
M.t..l.e ♀️ Mathilde
17%
M..s ♂️ Mats
17%
M.a ♀️ Mea
17%
N..e ♀️ Nele
17%
Oc..n ♂️ Ocean
17%
R.a..a ♀️ Ryanna
17%
T..r.s.a ♀️ Theresia
17%
Ak..o ♂️ Akito
0%
D.l.b.r ♂️ Dalibor
0%
D.s.i.a ♀️ Despina
0%
D..t.n ♂️ Destan
0%
D.n.k ♂️ Donik
0%
D.r..a ♂️ Dorata
0%
El.a..n ♂️ Eliaron
0%
E..a ♀️ Elma
0%
E..a ♀️ Eula
0%
G.r.o ♂️ Gerko
0%
G.o.u ♂️ Grosu
0%
G..a ♀️ Gyda
0%
H.m..n ♂️ Hamoon
0%
H.n..a ♀️ Hinata
0%
K.m..a ♀️ Kamala
0%
M.h.o.d ♂️ Mahmoud
0%
M.s.a ♂️ Massa
0%
M..n ♂️ Mion
0%
N.v.n ♂️ Navin
0%
O.r.n.a ♀️ Ourania
0%
R.m.d.n ♂️ Ramadan
0%
R..h.e..h ♂️ Rayhleigh
0%
R..i ♀️ Reni
0%
R.l.a.a ♀️ Rulyana
0%
S.n.t ♂️ Senat
0%
S..a ♀️ Svea
0%
T.r.t ♂️ Tarot
0%
T..a ♀️ Tima
0%
Y.n..l ♂️ Yonael
0%
Keine übereinstimmenden Quizze gefunden
Verteilung der Resultate
Anzahl Personen mit jedem Resultat
Perzentil nach korrekt beantworteten Fragen
Ihre Resultats-Entwicklung
Sie haben dieses Quiz noch nicht gespielt